000
00295cam a2200121ua 4500
082
_a
001.6425
_b
SIN/IN
100
_a
Sinclair, Ian .
_9
1587
245
_a
Introducing spectrum machine code /
250
_a
1 /
260
_a
London :
_b
Granada ,
_c
1983.
300
_a
149 ;
_e
CD ROM.
942
_c
BK
999
_c
5578
_d
5578